| 000 | 01135nam a22002417a 4500 | ||
|---|---|---|---|
| 005 | 20130607130256.0 | ||
| 008 | 090728t xxu||||| |||| 00| 0 pun d | ||
| 010 | _aPUN-7434 B-494044-048 | ||
| 020 |
_c250.00 _a9788178563367 |
||
| 035 | _aPN-6552 B-494044-048 | ||
| 037 | _bDBAD / PUB/Waris Shah Foundations | ||
| 037 | _bBPPD/KKP | ||
| 040 |
_adpl _bPN |
||
| 082 | _a854 | ||
| 100 |
_937323 _aਬ੍ਰਹਮਜਗਦੀਸ਼ ਸਿੰਘ |
||
| 245 |
_aਪੰਜਾਬੀ ਨਾਵਲ : _cਬ੍ਰਹਮਜਗਦੀਸ਼ ਸਿੰਘ _bਸਿਦਾਂਤ,ਇਤਿਹਾਸ ਤੇ ਪ੍ਰਵਿਰਤੀਆਂ / |
||
| 246 |
_apunjabiNovel:sidhant,Itihas ate parvirtian _bby Brahm Jagdish Singh |
||
| 260 |
_aAmritsar _bWaris Shah Foundations _c2012 |
||
| 270 |
_b42, Guru Teg Bahadur Nagar, _aAmritsar (Pb) _k0183-2450520 _e143 002 |
||
| 300 |
_a176ਪਂ; _b21ਸੇਂਮੀ(ਸਜਿਲਦ) |
||
| 942 |
_2ddc _cPN _h854 _mਬ੍ਰਹਮ |
||
| 999 |
_c70995 _d70995 |
||